000 00332nam a2200121Ia 4500
008 180130s9999||||xx |||||||||||||| ||und||
020 _cNT499
_a978-986-320-718-4
100 _a廖月娟
245 0 _c廖月娟
_a成為賈伯斯:天才巨星的挫敗與孕成
250 _a一版
260 _c2015.05
_a台北市
300 _c cm.
_a p.
942 _2ccl
_cBOOK
999 _c813
_d813